Fuentes literarias y epigráficas de León en la Antigüedad / (Record no. 123260)

MARC details
000 -LEADER
campo de control de longitud fija 00614nam a2200181 4500
001 - NÚMERO DE CONTROL
campo de control 123260
003 - IDENTIFICADOR DE NÚMERO DE CONTROL
campo de control ES-MaACL
005 - FECHA Y HORA DE LA ÚLTIMA TRANSACCIÓN
campo de control 20230906192136.0
007 - CAMPO FIJO DE DESCRIPCIÓN FÍSICA--INFORMACIÓN GENERAL
campo de control de longitud fija t|
008 - DATOS DE LONGITUD FIJA--INFORMACIÓN GENERAL
campo de control de longitud fija 070214s1982 sp r ||||0| spa d
100 1# - ENTRADA PRINCIPAL--NOMBRE DE PERSONA
Nombre de persona Rabanal Alonso, Manuel Abilio.
9 (RLIN) 94835
245 10 - MENCIÓN DEL TÍTULO
Título Fuentes literarias y epigráficas de León en la Antigüedad /
Mención de responsabilidad, etc. Manuel Abilio Rabanal Alonso.
260 ## - PUBLICACIÓN, DISTRIBUCIÓN, ETC.
Lugar de publicación, distribución, etc. León :
Nombre del editor, distribuidor, etc. Institución `Fray Bernardino de Sahagún`,
Fecha de publicación, distribución, etc. 1982.
300 ## - DESCRIPCIÓN FÍSICA
Extensión 2 v ;
Dimensiones 25 cm.
500 ## - NOTA GENERAL
Nota general El v. II son lám.
710 2# - ENTRADA AGREGADA--NOMBRE DE ENTIDAD CORPORATIVA
Nombre de entidad corporativa o nombre de jurisdicción como elemento de entrada Institución "Fray Bernardino de Sahagún"
9 (RLIN) 4722
852 ## - LOCALIZACIÓN
Ubicación ES-MaACL
Número de control de estantería L-4544-5
Sublocalización o colección R.105210
Holdings
Estatus retirado Estado de pérdida Estado de daño No para préstamo Biblioteca de origen Biblioteca actual Ubicación en estantería Fecha de adquisición Fuente de adquisición Total de préstamos Signatura topográfica completa Código de barras Visto por última vez Precio de reemplazo Tipo de ítem Koha
        Biblioteca del Ateneo de Madrid Biblioteca del Ateneo de Madrid Depósito 2 17/01/2008     L-4544-5 1128432 23/02/2023 23/02/2023 Libro impreso